000 00623cam a22002053a 4500
001 39622
003 PGUSA
005 20140828083859.0
008 120505s2012||||xxu|||||s|||||000 | eng d
040 _aPGUSA
_beng
042 _adc
100 1 _aMangasarian, M. M.
_q(Mangasar Mugurditch),
_d1859-1943
245 1 4 _aThe Church In Politics—Americans Beware!
_h[electronic resource] /
_cM. M. Mangasarian
260 _bProject Gutenberg,
_c2012
506 _aPublic domain in the USA.
516 _aElectronic text
830 0 _aProject Gutenberg
_v39622
856 4 0 _uhttp://www.gutenberg.org/ebooks/39622
942 _cEB
999 _c268875
_d268875